000 00730nam a2200217 a 4500
001 000022834
005 20200930021827.0
008 101119s2002 mx r 001 0 spa d
020 _a9688345695
040 _aDO-SdBNP
_bspa
_cBNPHU
082 _a972.62
_bM827s
100 1 _aMora V., Rogelio de la
_946926
245 1 0 _aSociedad en crisis :
_bVeracruz 1922 /
_cRogelio de la Mora V.
260 _aMéxico :
_bUniversidad Veracruzana,
_c2002.
300 _a205 p. ;
_c23 cm.
504 _aIncluye referencias bibliográficas y notas al pie de las páginas.
504 _aBibliografía: p. 197-205.
650 4 _aSindicatos
_xVeracruz (estado)
_xHistoria
_946927
650 4 _aVeracruz (estado)
_xHistoria
_946928
049 _aBNGR
999 _c22331
_d22331